Alle Bahnhöfe in Sachsen-Anhalt (SPNV) - Statistiken

Allgemein
  • Dieses Quiz wurde 120 mal gespielt
  • Das Durchschnittsergebnis liegt bei 75 aus 278
Antwortstatistiken
Station % Korrekt
Burg (b Magdeburg)
100%
Magdeburg Hauptbahnhof
100%
Halle (Saale) Hauptbahnhof
98%
Dessau Hauptbahnhof
90%
Lutherstadt Wittenberg Hauptbahnhof
85%
Halberstadt Hauptbahnhof
83%
Roßla
80%
Stendal Hauptbahnhof
78%
Bitterfeld
76%
Halle-Neustadt
76%
Magdeburg-Neustadt
76%
Roßlau (Elbe)
76%
Merseburg Hauptbahnhof
73%
Aschersleben
68%
Köthen
68%
Naumburg (Saale) Hauptbahnhof
68%
Quedlinburg
66%
Weißenfels
66%
Lutherstadt Eisleben
63%
Salzwedel
63%
Wolfen (Bitterfeld)
63%
Bernburg Hauptbahnhof
61%
Oschersleben (Bode)
61%
Schönebeck (Elbe)
61%
Genthin
59%
Zeitz
59%
Thale Hauptbahnhof
56%
Sangerhausen
54%
Zerbst Anhalt
54%
Coswig (Anhalt)
51%
Tangerhütte
51%
Gräfenhainichen
49%
Oebisfelde
49%
Staßfurt
49%
Tangermünde
49%
Zahna
49%
Gardelegen
46%
Querfurt
46%
Bad Kösen
44%
Berga-Kelbra
44%
Calbe (Saale) Ost
44%
Haldensleben
44%
Hettstedt
44%
Jessen (Elster)
44%
Magdeburg-Buckau
44%
Blankenburg (Harz)
41%
Gommern
41%
Halle Zoo
41%
Ilsenburg
41%
Osterburg
41%
Wernigerode Hauptbahnhof
41%
Biederitz
39%
Güterglück
39%
Jeber-Bergfrieden
39%
Könnern
39%
Landsberg (b Halle Saale)
39%
Wolmirstedt
39%
Annaburg
37%
Bad Dürrenberg
37%
Halle-Trotha
37%
Lutherstadt Wittenberg-Altstadt
37%
Magdeburg SKET Industriepark
37%
Marienborn
37%
Röblingen am See
37%
Schönebeck-Bad Salzelmen
37%
Calbe (Saale) West
34%
Dessau Süd
34%
Güsen (Kr Genthin)
34%
Güsten
34%
Klostermansfeld
34%
Leuna Werke Nord
34%
Leuna Werke Süd
34%
Magdeburg-Herrenkrug
34%
Sandersleben (Anhalt)
34%
Großkorbetha
32%
Raguhn
32%
Schkopau
32%
Seehausen (Altmark)
32%
Barleben
29%
Barleber See
29%
Gröbers
29%
Magdeburg Hasselbachplatz
29%
Möser
29%
Naumburg (Saale) Ost
29%
Nebra
29%
Schönebeck (Elbe) Süd
29%
Teutschenthal
29%
Zielitz
29%
Zörnigall
29%
Belleben
27%
Braunsbedra
27%
Eilsleben (b Magdeburg)
27%
Frose
27%
Gatersleben
27%
Geestgottberg
27%
Halle Dessauer Brücke
27%
Halle Messe
27%
Halle-Nietleben
27%
Heudeber-Danstedt
27%
Holzdorf (Elster)
27%
Königsborn
27%
Oberröblingen
27%
Schönhausen (Elbe)
27%
Wegeleben
27%
Zielitz Ort
27%
Bennungen
24%
Bülzig
24%
Dreileben-Drackenstedt
24%
Elster (Elbe)
24%
Großkugel
24%
Halle-Ammendorf
24%
Halle Steintorbrücke
24%
Jeßnitz (Anhalt)
24%
Leißling
24%
Magdeburg-Salbke
24%
Magdeburg-Sudenburg
24%
Marke
24%
Nachterstedt-Hoym
24%
Nienburg (Saale)
24%
Prödel
24%
Profen
24%
Stendal Hochschule
24%
Stumsdorf
24%
Wahlitz
24%
Wulfen (Anhalt)
24%
Calbe (Saale) Stadt
22%
Dessau-Alten
22%
Dieskau
22%
Ditfurt
22%
Freyburg (Unstrut)
22%
Halle Rosengarten
22%
Halle Südstadt
22%
Hedersleben-Wedderstedt
22%
Linda (Elster)
22%
Lübs (b Magdeburg)
22%
Magdeburg Südost
22%
Neinstedt
22%
Peißen
22%
Petersroda
22%
Riestedt
22%
Rodleben
22%
Teuchern
22%
Thale Musestieg
22%
Wallhausen (Helme)
22%
Wangen (Unstrut)
22%
Wetterzeube
22%
Angern-Rogätz
20%
Blankenheim (Kr Sangerhausen)
20%
Börnecke (Harz)
20%
Brunau-Packebusch
20%
Darlingerode
20%
Drohndorf-Mehringen
20%
Halle-Silberhöhe
20%
Hohenwulsch
20%
Kläden (Kr Stendal)
20%
Lutherstadt Wittenberg-Labetz
20%
Magdeburg-Eichenweiler
20%
Magdeburg-Rothensee
20%
Merseburg Bergmannsring
20%
Niemberg
20%
Nienhagen (b Halberstadt)
20%
Roitzsch (Kr Bitterfeld)
20%
Stendal Vorbahnhof
20%
Teutschenthal Ost
20%
Weißandt-Gölzau
20%
Wernigerode Elmowerk
20%
Zöberitz
20%
Zscherben
20%
Angersdorf
17%
Brehna
17%
Gerwisch
17%
Greppin
17%
Halberstadt Oststraße
17%
Halberstadt-Spiegelsberge
17%
Halle Wohnstadt Nord
17%
Halle Zscherbener Straße
17%
Hämerten
17%
Hohenthurm
17%
Landsberg (b Halle Saale) Süd
17%
Langenstein
17%
Langenweddingen
17%
Laucha (Unstrut)
17%
Mieste
17%
Miesterhorst
17%
Mücheln (Geiseltal)
17%
Osterweddingen
17%
Pratau
17%
Pretzier (Altmark)
17%
Schönebeck-Frohse
17%
Stapelburg
17%
Tangermünde West
17%
Wolferode
17%
Arensdorf (Köthen)
15%
Bergwitz
15%
Demker
15%
Dessau-Mosigkau
15%
Eichstedt (Altmark)
15%
Flechtingen
15%
Fleetmark
15%
Freckleben
15%
Gnadau
15%
Goldbeck (Kr Osterburg)
15%
Griebo
15%
Karsdorf
15%
Kötzschau
15%
Lutherstadt Wittenberg-Piesteritz
15%
Mahlwinkel
15%
Muldenstein
15%
Niederndodeleben
15%
Radis
15%
Rätzlingen
15%
Sachsendorf (b Calbe)
15%
Steinfeld (b Stendal)
15%
Stendal-Stadtsee
15%
Wefensleben
15%
Amsdorf
12%
Burgkemnitz
12%
Dodendorf
12%
Erdeborn
12%
Förderstedt
12%
Frankleben
12%
Frenz
12%
Ilberstedt
12%
Jävenitz
12%
Kleinjena
12%
Klieken
12%
Meinsdorf
12%
Möringen (Altmark)
12%
Mühlanger
12%
Schönebeck-Felgeleben
12%
Solpke
12%
Theißen
12%
Wansleben am See
12%
Wellen (b Magdeburg)
12%
Baalberge
10%
Bernburg-Waldau
10%
Beyendorf
10%
Bindfelde
10%
Elsnigk (Anhalt)
10%
Hadmersleben
10%
Krumpa
10%
Langendorf
10%
Nauendorf (Saalekreis)
10%
Ochtmersleben
10%
Ovelgünne
10%
Reußen
10%
Teicha
10%
Uchtspringe
10%
Vinzelberg
10%
Wallwitz (Saalekreis)
10%
Weißenfels West
10%
Bernburg-Roschwitz
7%
Bernburg-Strenzfeld
7%
Beuna (Geiseltal)
7%
Biendorf
7%
Braunsbedra Pfännerhall
7%
Deuben (Zeitz)
7%
Domnitz (Saalekreis)
7%
Eggersdorf
7%
Eickendorf
7%
Giersleben
7%
Groß Ammensleben
7%
Kirchscheidungen
7%
Langeneichstädt
7%
Luckenau
7%
Meitzendorf
7%
Miltern
7%
Mücheln (Geiseltal) Stadt
7%
Naumburg-Roßbach
7%
Nemsdorf-Göhrendorf
7%
Neundorf (Anhalt)
7%
Prittitz
7%
Reinsdorf (b Nebra)
7%
Schierstedt
7%
Wegenstedt
7%
Balgstädt
5%
Bösdorf (Sachsen-Anhalt)
5%
Vahldorf
5%
Keine übereinstimmenden Quizze gefunden
Verteilung der Resultate
Anzahl Personen mit jedem Resultat
Perzentil nach korrekt beantworteten Fragen
Ihre Resultats-Entwicklung
Sie haben dieses Quiz noch nicht gespielt